000 00304nam a22001457a 4500
008 230831b ||||| |||| 00| 0 eng d
020 _a0300033400
041 _aeng
080 _a61
082 _a61MAR
100 _a4
101 _aMJPGJ
245 _aORIGINS OF SEX
_cMARGULIS.L
942 _2udc
_cBK
999 _c60220
_d60220